Category Elimination - European Geography #2 - Statistics

General Stats
  • This quiz has been taken 168,975 times
  • The average score is 17 of 20
Answer Stats
Group # Category % Correct
Green 45 Countries of Europe
100%
Green 21 ... with a population of at least 6 million
100%
Green 10 ... with an area less than 200,000 km²
95%
Orange 45 Capital Cities of Europe
93%
Blue 45 Countries of Europe (by Flag)
91%
Blue 34 ... which have white on them
91%
Green 5 ... which does not border Germany
89%
Blue 8 ... have green on them
89%
Purple 90 Countries or Capitals of Europe
89%
Purple 25 ... without the letter A in their name
88%
Orange 22 ... with at least 7 letters in their name
87%
Blue 4 ... are exactly ⅓ green
87%
Purple 11 ... with more than 2.5 million people
86%
Orange 12 ... which are north of Bern
85%
Orange 5 ... contain the letter T in their name
78%
Green 1 ... and lies west of Berlin Portugal
75%
Orange 1 ... and are in the Nordics Stockholm
72%
Blue 1 ... and don't have red on them Ireland
67%
Purple 2 ... with at most 5 letters in their name
51%
Purple 1 ... and lies south of Monaco Rome
47%
No matching quizzes found
Score Distribution
Percent of People with Each Score
Percentile by Number Answered
Your Score History
You have not taken this quiz